00656cam a22001934a 4500020004100000040000800041082002600049245011600075246004100191246002300232260005200255300002500307650001200332650001200344650003700356650002600393700002000419700002300439 a1586841556 (paper back : alk. paper) cDLC00a296 GLO 2001 C154 Or.04aThe 2001 Mathers lecture, the 2001 Rosen lecture, and other Queen's University essays in the study of Judaism /30aTwo thousand and one Mathers lecture30a2001 Rosen lecture aBinghamton, N.Y. :bGlobal Publications,c2001. aix, 132 p. ;c21 cm. 0aJudaism 0aJudaism 0aChristianity and other religions 0aRabbinical literature1 aNeusner, Jacob,1 aAkenson, Donald H.